Semana del Cuzco : (Record no. 22009)

000 -CABECERA
fixed length control field 02045nam a22003017a 4500
003 - IDENTIFICADOR DEL NÚMERO DE CONTROL
control field AR-CdUCM
008 - DATOS DE LONGITUD FIJA--INFORMACIÓN GENERAL
fixed length control field 190425b ||||| |||| 00| 0 spa d
040 ## - FUENTE DE LA CATALOGACIÓN
Agencia/entidad que catalogó originalmente la obra MUNICIPALIDAD PROVINCIAL DEL CUSCO
Entidad que transcribió la catalogación BIBLIOTECA MUNICIPAL DEL CUSCO
082 ## - NÚMERO DE LA CLASIFICACIÓN DECIMAL DEWEY
No. de Clasificación SemanaCuzco/N°2/1946
245 ## - MENCIÓN DE TÍTULO
Título Semana del Cuzco :
Resto del título Cita continental en la capital arqueológica de América del 24 de junio al 1 de julio /
Mención de responsabilidad Humberto Vidal
260 ## - PUBLICACIÓN, DISTRIBUCIÓN, ETC.
Lugar de publicación, distribución, etc. Cusco.
Nombre de la editorial, distribuidor, etc. La Económica,
Fecha de publicación, distribución, etc. 1946.
300 ## - DESCRIPCIÓN FÍSICA
Nº de Páginas Extensión 100 páginas. :
Dimensiones 21 cm.
440 ## - MENCIÓN DE SERIE/PUNTO DE ACCESO ADICIONAL--TÍTULO
Título Semana del Cuzco.
Número de la parte/sección de una obra N°2, 1946
9 (RLIN) 47141
505 ## - NOTA DE CONTENIDO CON FORMATO
Nota de contenido formateada Contenido: Lo que significa la semana del Cuzco. Humberto Vidal. -- La María Angola campana histórica. José Gabriel Cosió. -- El valle sagrado de los Incas. Alfredo Yépez Miranda. -- Visión del Perú. Rafael Eliodoro Valle. -- La procesión del señor de los Temblores. José Mojica. -- Mediaciones sobre el día del Cuzco. Lalo. -- Homenaje a Fortunato L. Herrera. Cesar Vargas. -- Cuzco inmortal yo te saludo. Manuel Cuadros. -- Cuzco ciudad de ensueño y maravilla. Manuel Sánchez. -- Homenaje de la mujer al Cuzco. Barrionuevo. -- Un minuto en el Cuzco. -- Estampas de las tierras altas. -- Belleza en la arquitectura incana. Víctor Guillen. -- Evocación del inti Raymi. Julio Gutiérrez. -- Las calles del Cuzco. Luis Pardo. -- Muestrario de algunas expresiones indígenas. Víctor Navarro del Águila. -- El Cuzco. Uriel García. -- Saludo al Cuzco. Isauro Maldonado. -- Himnos al Cuzco. -- La segunda celebración de la serenata del Cuzco. -- Bendición e inauguración del Cristo de Tres Cruces.
650 ## - PUNTO DE ACCESO ADICIONAL DE MATERIA--TÉRMINO DE MATERIA
Descriptor Fiestas del Cusco
9 (RLIN) 13258
650 ## - PUNTO DE ACCESO ADICIONAL DE MATERIA--TÉRMINO DE MATERIA
Descriptor Dia del Cusco
9 (RLIN) 47137
650 ## - PUNTO DE ACCESO ADICIONAL DE MATERIA--TÉRMINO DE MATERIA
Descriptor Semana del Cusco
9 (RLIN) 47138
650 ## - PUNTO DE ACCESO ADICIONAL DE MATERIA--TÉRMINO DE MATERIA
Descriptor Cusqueñismo
9 (RLIN) 2721
700 ## - PUNTO DE ACCESO ADICIONAL--NOMBRE DE PERSONA
Nombre Personal Yépez Miranda
9 (RLIN) 47139
700 ## - PUNTO DE ACCESO ADICIONAL--NOMBRE DE PERSONA
Nombre Personal Cosió, José Gabriel
9 (RLIN) 11720
700 ## - PUNTO DE ACCESO ADICIONAL--NOMBRE DE PERSONA
Nombre Personal Valle, Rafael Eliodoro
9 (RLIN) 47142
700 ## - PUNTO DE ACCESO ADICIONAL--NOMBRE DE PERSONA
Nombre Personal Mojica, José
9 (RLIN) 47143
700 ## - PUNTO DE ACCESO ADICIONAL--NOMBRE DE PERSONA
Nombre Personal Vargas, Cesar
9 (RLIN) 45886
700 ## - PUNTO DE ACCESO ADICIONAL--NOMBRE DE PERSONA
Nombre Personal Cuadros, Manuel
9 (RLIN) 47047
700 ## - PUNTO DE ACCESO ADICIONAL--NOMBRE DE PERSONA
Nombre Personal Vidal Unda, Humberto
9 (RLIN) 45978
942 ## - ELEMENTOS DE PUNTO DE ACCESO ADICIONAL (KOHA)
Fuente de clasificación
Tipo de item Revistas cusqueñas
945 ## - PROCESAMIENTO DE INFORMACIÓN LOCAL (OCLC)
Catalogador rac
Holdings
Estado de retiro (separado) Fuente de clasificación o esquema de estanterías Estado dañado Ubicación Sala donde se ubica Nombre de la colección Fecha de adquisición o compra Costo, precio normal en soles Signatura topográfica Código de Barras Última vez visto (Koha) Tipo de ítem (Koha)
No     Sala Hemeroteca Sala Hemeroteca Book Cart 2022-02-04 10.00 SemanaCuzco/N°2/1946 REVC000537 2022-02-04 Revistas cusqueñas
No     Sala Hemeroteca Sala Hemeroteca Book Cart 2022-02-04 10.00 SemanaCuzco/N°2/1946/e.2 REVC000538 2022-02-04 Revistas cusqueñas

Powered by Koha